| 000 | 00359nam a2200097Ia 4500 | ||
|---|---|---|---|
| 008 | 201216s9999 xx 000 0 und d | ||
| 100 | _aRutherford, D. | ||
| 245 | 0 | _aShip safety personnel : Role & duties, A survey and guide for ship's safety officials and for safety managers and ship operators | |
| 260 |
_aLondon _bCharles Griffin & Company Limited |
||
| 942 | _cBK | ||
| 999 |
_c6391 _d6391 |
||